000 00782cam a2200265 a 4500
001 232648
003 OSt
005 20180921
008 000000 0000000000 00
020 _a[sin ISBN]
245 _aVademecun internacional
_cDirección editorial y cientifica Ma. Belén Fernández
260 _aMadrid :
_bVidal Growp
300 _a1296 p.
504 _aIncluye índice
650 _aFarmacología
_aMedicamentos
_aTerapeútica
700 _aFernández, Ma. Belén, dir
040 _aDLC
_cDLC
942 _2ddc
_cBK
999 _c232648
_d23264800